[Event "Marikina City Kamatyas"]
[Site "Marikina City"]
[Date "2023.12.16"]
[Round "9"]
[White "Concio, Michael Jr"]
[Black "Megaranto, Susanto"]
[Result "1/2-1/2"]
[WhiteElo "2403"]
[BlackElo "2495"]
[PlyCount "45"]
[EventDate "2023.12.10"]
[EventType "tourn"]
[EventRounds "9"]
[EventCountry "PHI"]
[EventCategory "7"]
[SourceTitle "CB51_2023"]
[SourceDate "2023.12.20"]
[SourceVersion "1"]
[SourceVersionDate "2023.12.20"]
[SourceQuality "1"]

1. d4 Nf6 2. Nf3 e6 3. c4 b6 4. g3 Bb4+ 5. Bd2 c5 6. Bxb4 cxb4 7. Bg2 Bb7 8. Qd3 d6 9. 0-0 0-0 10. a3 bxa3 11. Nxa3 a5 12. Nd2 Bxg2 13. Kxg2 Nc6 14. Ne4 Nb4 15. Nxf6+ Qxf6 16. Qd2 Rac8 17. Rac1 Rfd8 18. Rfd1 Na2 19. Ra1 Nb4 20. Rac1 Na2 21. Ra1 Nb4 22. Rac1 Na2 23. Ra1 1/2-1/2

[Event "Titled Tuesday intern op 11th Jul Early"]
[Site "Chess.com INT"]
[Date "2023.07.11"]
[Round "2"]
[White "Turzo, Attila"]
[Black "Concio, Michael Jr"]
[Result "0-1"]
[WhiteElo "2279"]
[BlackElo "2406"]
[PlyCount "120"]
[EventDate "2023.07.11"]
[EventType "swiss (blitz)"]
[EventRounds "11"]
[EventCountry "USA"]
[SourceTitle "EXT 2024"]
[Source "ChessBase"]
[SourceDate "2023.10.10"]
[SourceVersion "1"]
[SourceVersionDate "2023.10.10"]
[SourceQuality "1"]

1. d4 Nf6 2. c4 e6 3. g3 Bb4+ 4. Nd2 d5 5. Bg2 0-0 6. Ngf3 dxc4 7. 0-0 c3 8. Nc4 cxb2 9. Bxb2 Nbd7 10. Qb3 Be7 11. Rfd1 Rb8 12. a4 a6 13. a5 Nd5 14. e4 N5f6 15. Nfe5 Nxe5 16. Nxe5 Bd7 17. Rac1 Bb5 18. d5 exd5 19. exd5 Bd6 20. Nc4 Re8 21. Nxd6 Qxd6 22. Bxf6 Qxf6 23. Rxc7 Qd6 24. Rdc1 g6 25. Qf3 Re7 26. Rxe7 Qxe7 27. Qf4 Rd8 28. Qc7 Rd7 29. Qc8+ Kg7 30. h4 Qa3 31. h5 Rd8 32. Qc7 Rd7 33. Qe5+ f6 34. Qc3 Qxc3 35. Rxc3 Kf7 36. hxg6+ hxg6 37. Bh3 f5 38. Bg2 Ke7 39. Rc8 Rd8 40. Rc7+ Rd7 41. Rc8 Kf6 42. f4 Bd3 43. Kf2 Be4 44. Bxe4 fxe4 45. Rc5 Ke7 46. Ke3 Kd6 47. Kd4 e3 48. Rc1 e2 49. Re1 Re7 50. g4 Re8 51. f5 gxf5 52. gxf5 Re5 53. Kc4 Rxf5 54. Rxe2 Rxd5 55. Kb4 Rd4+ 56. Ka3 Kc6 57. Rb2 Rd5 58. Rb6+ Kc7 59. Kb4 Rd6 60. Rxd6 Kxd6 0-1

[Event "Titled Tuesday intern op 09th May Early"]
[Site "Chess.com INT"]
[Date "2023.05.09"]
[Round "6"]
[White "Concio, Michael Jr"]
[Black "Cattaneo, Marco"]
[Result "1-0"]
[WhiteElo "2395"]
[BlackElo "2250"]
[PlyCount "79"]
[EventDate "2023.05.09"]
[EventType "swiss (blitz)"]
[EventRounds "11"]
[EventCountry "USA"]
[SourceTitle "CBM 214 Extra"]
[Source "ChessBase"]
[SourceDate "2023.07.31"]
[SourceVersion "1"]
[SourceVersionDate "2023.07.31"]
[SourceQuality "1"]

1. e4 Nf6 2. Nc3 e5 3. Nf3 Nc6 4. Be2 Bb4 5. 0-0 d6 6. d3 h6 7. h3 Be6 8. a3 Ba5 9. b4 Bb6 10. Be3 Nd4 11. Na4 Nxf3+ 12. Bxf3 Bxe3 13. fxe3 0-0 14. c4 a5 15. Nc3 b6 16. Qe2 Qd7 17. b5 Nh7 18. Rf2 Ng5 19. Raf1 Nxf3+ 20. Qxf3 Rae8 21. Qg3 f5 22. exf5 Rxf5 23. Rxf5 Bxf5 24. Nd5 Rf8 25. e4 Be6 26. Nf6+ Rxf6 27. Rxf6 Qe7 28. Rf2 Kh7 29. Kh2 Qe8 30. Qf3 Qg6 31. h4 Bg4 32. Qf7 Qxf7 33. Rxf7 Be2 34. Rxc7 Bxd3 35. Rc6 Bxe4 36. Rxb6 Bd3 37. Rc6 e4 38. b6 e3 39. Rxd6 e2 40. Re6 1-0

[Event "PHI-ch"]
[Site "Malolos"]
[Date "2023.02.05"]
[Round "6"]
[White "Garcia, Jan Emmanuel"]
[Black "Concio, Michael Jr"]
[Result "1-0"]
[WhiteElo "2409"]
[BlackElo "2380"]
[PlyCount "81"]
[EventDate "2023.02.01"]
[EventType "tourn"]
[EventRounds "9"]
[EventCountry "PHI"]
[EventCategory "5"]
[SourceTitle "CBM 212 Extra"]
[Source "ChessBase"]
[SourceDate "2023.03.31"]
[SourceVersion "1"]
[SourceVersionDate "2023.03.31"]
[SourceQuality "1"]

1. Nf3 Nf6 2. c4 e6 3. g3 b6 4. Bg2 Bb7 5. 0-0 g6 6. b3 Bg7 7. Bb2 0-0 8. d4 d6 9. Qc2 c5 10. Rd1 Qe7 11. Nc3 Nc6 12. e4 Nd7 13. dxc5 dxc5 14. Nb5 Nb4 15. Qe2 Bxb2 16. Qxb2 Bxe4 17. Rxd7 Qxd7 18. Ne5 Qb7 19. Nd6 Qe7 20. Nxe4 f5 21. Nc3 Rad8 22. Qe2 Qd6 23. Rd1 Qc7 24. Re1 Qg7 25. Nb5 a6 26. a3 axb5 27. axb4 bxc4 28. bxc5 bxc5 29. Qxc4 Qc7 30. Nc6 Rd6 31. Rxe6 Rxe6 32. Qxe6+ Kg7 33. Ne7 Rf7 34. Nd5 Qb8 35. Nf4 Ra7 36. Bd5 Ra1+ 37. Kg2 Ra7 38. h4 Qc7 39. Qg8+ Kh6 40. Qf8+ Qg7 41. Qxc5 1-0

[Event "Titled Tuesday intern op 06th Dec Early"]
[Site "Chess.com INT"]
[Date "2022.12.06"]
[Round "6"]
[White "Concio, Michael Jr"]
[Black "Rangel, Daniel"]
[Result "1-0"]
[WhiteElo "2345"]
[BlackElo "2220"]
[PlyCount "93"]
[EventDate "2022.12.06"]
[EventType "swiss (blitz)"]
[EventRounds "11"]
[EventCountry "USA"]
[SourceTitle "CBM 211 Extra"]
[Source "ChessBase"]
[SourceDate "2023.01.31"]
[SourceVersion "1"]
[SourceVersionDate "2023.01.31"]
[SourceQuality "1"]

1. e4 c5 2. Nf3 g6 3. d4 cxd4 4. Nxd4 Bg7 5. Nc3 Nc6 6. Be3 Nf6 7. Be2 0-0 8. Qd2 d5 9. Nxc6 bxc6 10. e5 Ng4 11. Bxg4 Bxg4 12. Bh6 Bxe5 13. Bxf8 Qxf8 14. h3 Bd7 15. 0-0 Rb8 16. Rab1 Bd6 17. Qd4 Rb7 18. Rfe1 Qh6 19. b3 Bxh3 20. Ne2 Bf5 21. Ng3 Bd7 22. c4 e5 23. Rxe5 Bxe5 24. Qxe5 Qg7 25. Qe7 Qf8 26. Qe1 Qe8 27. Qd1 dxc4 28. bxc4 Rxb1 29. Qxb1 Qe5 30. Qb7 Be6 31. Qxc6 Qa1+ 32. Kh2 Qxa2 33. c5 a5 34. Qa8+ Kg7 35. Qe4 Qb2 36. c6 Qc3 37. Ne2 Qc5 38. Nf4 Qd6 39. g3 Bf5 40. Qc4 Qd2 41. Qc5 a4 42. c7 a3 43. Nh3 Qh6 44. Qe5+ Kg8 45. Qxf5 gxf5 46. c8Q+ Qf8 47. Qc3 1-0

[Event "Titled Tuesday intern op 06th Dec Early"]
[Site "Chess.com INT"]
[Date "2022.12.06"]
[Round "2"]
[White "Mihailidis, Anastasios"]
[Black "Concio, Michael Jr"]
[Result "0-1"]
[WhiteElo "2208"]
[BlackElo "2345"]
[PlyCount "110"]
[EventDate "2022.12.06"]
[EventType "swiss (blitz)"]
[EventRounds "11"]
[EventCountry "USA"]
[SourceTitle "CBM 211 Extra"]
[Source "ChessBase"]
[SourceDate "2023.01.31"]
[SourceVersion "1"]
[SourceVersionDate "2023.01.31"]
[SourceQuality "1"]

1. e4 e5 2. Nf3 Nc6 3. d4 exd4 4. Nxd4 Nf6 5. Nc3 d5 6. Nxc6 bxc6 7. exd5 Nxd5 8. Nxd5 Qxd5 9. Qxd5 cxd5 10. Bb5+ Bd7 11. Bxd7+ Kxd7 12. 0-0 c6 13. Rd1 Kc7 14. Bf4+ Bd6 15. Bxd6+ Kxd6 16. c4 Rhe8 17. cxd5 cxd5 18. Rd2 Re5 19. Rad1 Rae8 20. Kf1 Rc8 21. Re2 f6 22. f4 Rf5 23. Rf2 Rc4 24. g3 g5 25. fxg5 Rxf2+ 26. Kxf2 Rc2+ 27. Ke3 fxg5 28. Rd2 Rc1 29. Rf2 Ke6 30. Kd4 Rd1+ 31. Kc5 d4 32. Kc4 Ke5 33. Re2+ Kf5 34. b4 Kg4 35. h4 Kf3 36. Re7 g4 37. Rxh7 Kxg3 38. Rxa7 Kxh4 39. b5 g3 40. a4 d3 41. b6 Rb1 42. a5 d2 43. Rd7 d1Q 44. Rxd1 Rxd1 45. b7 Rb1 46. a6 g2 47. a7 g1Q 48. a8Q Qc1+ 49. Kd5 Qd2+ 50. Kc6 Rc1+ 51. Kb6 Qb2+ 52. Ka7 Ra1+ 53. Kb8 Qh8+ 54. Kc7 Rxa8 55. bxa8Q Qxa8 0-1

[Event "Titled Tuesday intern op 06th Dec Early"]
[Site "Chess.com INT"]
[Date "2022.12.06"]
[Round "4"]
[White "Rodriguez Fontecha, Marcos"]
[Black "Concio, Michael Jr"]
[Result "0-1"]
[WhiteElo "2309"]
[BlackElo "2345"]
[PlyCount "80"]
[EventDate "2022.12.06"]
[EventType "swiss (blitz)"]
[EventRounds "11"]
[EventCountry "USA"]
[SourceTitle "CBM 211 Extra"]
[Source "ChessBase"]
[SourceDate "2023.01.31"]
[SourceVersion "1"]
[SourceVersionDate "2023.01.31"]
[SourceQuality "1"]

1. Nf3 Nf6 2. d4 e6 3. g3 b5 4. Bg2 Bb7 5. a4 a6 6. axb5 axb5 7. Rxa8 Bxa8 8. 0-0 Be7 9. b3 b4 10. Qd3 Be4 11. Qd1 0-0 12. Nbd2 Bb7 13. Ne5 Bxg2 14. Kxg2 d6 15. Nd3 Nc6 16. Bb2 Qa8 17. f3 Nd5 18. Nc4 Na5 19. Qd2 Nxc4 20. bxc4 Nb6 21. Qxb4 Qc6 22. c5 dxc5 23. Nxc5 Nd5 24. Qd2 Bxc5 25. dxc5 Qxc5 26. Bd4 Qc4 27. e4 Nb4 28. c3 Nc6 29. Bf2 Rd8 30. Qf4 e5 31. Qg5 h6 32. Qc1 Rd3 33. Be1 Nd4 34. Qa3 Nc2 35. Qa8+ Kh7 36. Qc8 Ne3+ 37. Kg1 Nxf1 38. Qf5+ g6 39. Qxe5 Rxf3 40. Bf2 Ne3 0-1

[Event "Titled Tuesday intern op 06th Dec Early"]
[Site "Chess.com INT"]
[Date "2022.12.06"]
[Round "5"]
[White "Vidit, Santosh Gujrathi"]
[Black "Concio, Michael Jr"]
[Result "1-0"]
[WhiteElo "2730"]
[BlackElo "2345"]
[PlyCount "64"]
[EventDate "2022.12.06"]
[EventType "swiss (blitz)"]
[EventRounds "11"]
[EventCountry "USA"]
[SourceTitle "CBM 211 Extra"]
[Source "ChessBase"]
[SourceDate "2023.01.31"]
[SourceVersion "1"]
[SourceVersionDate "2023.01.31"]
[SourceQuality "1"]

1. e4 e5 2. Nf3 Nc6 3. Bb5 Nf6 4. d3 d6 5. c3 Bd7 6. 0-0 g6 7. Nbd2 Bg7 8. Re1 0-0 9. Nf1 Nh5 10. Bg5 Qe8 11. Ne3 a6 12. Bc4 Ne7 13. d4 Kh8 14. Qd2 h6 15. Bh4 Nf4 16. Rad1 Bc6 17. Nd5 Nexd5 18. exd5 Bb5 19. Bxb5 axb5 20. dxe5 dxe5 21. Nxe5 Bxe5 22. Bf6+ Bxf6 23. Rxe8 Raxe8 24. Qxf4 Be5 25. Qxh6+ Kg8 26. a3 Rd8 27. Kf1 Rfe8 28. Re1 Bf6 29. Rxe8+ Rxe8 30. Qf4 Be5 31. Qb4 c6 32. Qc5 cxd5 1-0

[Event "Titled Tuesday intern op 15th Nov Early"]
[Site "Chess.com INT"]
[Date "2022.11.15"]
[Round "9"]
[White "Concio, Michael Jr"]
[Black "Aaditya, Dhingra"]
[Result "1-0"]
[WhiteElo "2343"]
[BlackElo "2172"]
[PlyCount "81"]
[EventDate "2022.11.15"]
[EventType "swiss (blitz)"]
[EventRounds "11"]
[EventCountry "USA"]
[SourceTitle "CBM 211 Extra"]
[Source "ChessBase"]
[SourceDate "2023.01.31"]
[SourceVersion "1"]
[SourceVersionDate "2023.01.31"]
[SourceQuality "1"]

1. e4 c5 2. Nf3 d6 3. d4 cxd4 4. Nxd4 Nf6 5. Nc3 a6 6. Be2 e5 7. Nb3 Be7 8. Be3 0-0 9. g4 Be6 10. g5 Nfd7 11. Qd2 Nc6 12. 0-0-0 b5 13. Nd5 Bxd5 14. exd5 Na7 15. f4 exf4 16. Bxf4 Ne5 17. Nd4 Qd7 18. h4 Rac8 19. Kb1 Rc5 20. Nb3 Nc4 21. Qd3 Rc7 22. h5 Rfc8 23. Rdg1 b4 24. g6 Bf6 25. gxf7+ Qxf7 26. Bg4 Nxb2 27. Qxa6 Kh8 28. Be6 Qe8 29. Bxc8 Nxc8 30. Re1 Qd8 31. Qb5 Ne7 32. Re4 h6 33. Rhe1 Qc8 34. Bxd6 Rxc2 35. Bc5 Rg2 36. d6 Nd3 37. Qxd3 Rb2+ 38. Kc1 Rxb3 39. axb3 Qxc5+ 40. Kd1 Nd5 41. Re8# 1-0

[Event "Titled Tuesday intern op 15th Nov Early"]
[Site "Chess.com INT"]
[Date "2022.11.15"]
[Round "11"]
[White "Concio, Michael Jr"]
[Black "Kamsky, Gata"]
[Result "1-0"]
[WhiteElo "2343"]
[BlackElo "2666"]
[PlyCount "67"]
[EventDate "2022.11.15"]
[EventType "swiss (blitz)"]
[EventRounds "11"]
[EventCountry "USA"]
[SourceTitle "CBM 211 Extra"]
[Source "ChessBase"]
[SourceDate "2023.01.31"]
[SourceVersion "1"]
[SourceVersionDate "2023.01.31"]
[SourceQuality "1"]

1. e4 e5 2. Nf3 Nc6 3. Bb5 Nf6 4. 0-0 Nxe4 5. Re1 Nd6 6. Nxe5 Be7 7. Ba4 Nxe5 8. Rxe5 0-0 9. c3 Bf6 10. Re1 b5 11. Bc2 Bg5 12. f4 Bh4 13. g3 Bf6 14. d4 Bb7 15. b3 Re8 16. Ba3 a5 17. Bxd6 cxd6 18. Nd2 b4 19. Ne4 bxc3 20. Nxf6+ Qxf6 21. Qd3 g6 22. Qxc3 Rec8 23. Qd2 Kg7 24. Be4 Bxe4 25. Rxe4 Qf5 26. Rae1 a4 27. b4 Qd5 28. f5 Qxf5 29. Rf4 Qd5 30. Re7 Rf8 31. Rxd7 a3 32. Rf2 Rac8 33. Qf4 Rc1+ 34. Qxc1 1-0